000 00843nam a2200253Ia 4500
003 OSt
005 20220923211451.0
006 a|||||r|||| 00| 0
007 ta
008 Pun
020 _a9789350688366 (hbk)
_c260
024 _a284,607
037 _b936, 23/03/2015, H.K. Prakashan
_cTextual
040 _aARTS
_cARTS
_bPun
041 _2Pun
_aPun
082 _aO153,1(Delta73):g, Q4
100 _aਰੁਪਿੰਦਰ ਕੌਰ
245 0 _aਪੰਜਾਬੀ ਸੂਖ਼ੀ ਕਾਵਿ ਪਰੰਪਰਾ
260 _aਚੰਡੀਗੜ
_b ਲੋਕਗੀਤ ਪ੍ਰਕਾFਨ
_c2014
300 _a144ਪੰ
_ccm.
650 _aਪੰਜਾਬੀ ਸਾਹਿਤ
942 _hO153,1(Delta73):g, Q4
_cTEXL
_2CC
999 _c299817
_d299817